Photosynthesis during leaf development (Record no. 39668)

MARC details
000 -LEADER
fixed length control field 00639nam a2200241Ia 4500
082 ## - DEWEY DECIMAL CLASSIFICATION NUMBER
Classification number 581.132
Item number SES
245 #0 - TITLE STATEMENT
Title Photosynthesis during leaf development
260 ## - PUBLICATION, DISTRIBUTION, ETC. (IMPRINT)
Place of publication Dordecht
Name of publisher W Junk
Year of publication 1985
490 ## - SERIES STATEMENT
Series statement Tasks for vegetation science. No 11
650 ## - SUBJECT ADDED ENTRY--TOPICAL TERM
Topical Term Carbon fixation
650 ## - SUBJECT ADDED ENTRY--TOPICAL TERM
Topical Term Carotenoid
650 ## - SUBJECT ADDED ENTRY--TOPICAL TERM
Topical Term Chlorophyll
650 ## - SUBJECT ADDED ENTRY--TOPICAL TERM
Topical Term Chloroplast
650 ## - SUBJECT ADDED ENTRY--TOPICAL TERM
Topical Term Electron transport
650 ## - SUBJECT ADDED ENTRY--TOPICAL TERM
Topical Term Gas exchange
650 ## - SUBJECT ADDED ENTRY--TOPICAL TERM
Topical Term Leaf development
650 ## - SUBJECT ADDED ENTRY--TOPICAL TERM
Topical Term Leaf ontogeny
650 ## - SUBJECT ADDED ENTRY--TOPICAL TERM
Topical Term Photorespiration
650 ## - SUBJECT ADDED ENTRY--TOPICAL TERM
Topical Term Photosynthesis
700 ## - ADDED ENTRY--PERSONAL NAME
Personal name SESTAK, Zdenek
942 ## - ADDED ENTRY ELEMENTS (KOHA)
Koha item type Books
Holdings
Withdrawn status Lost status Damaged status Not for loan Home library Current library Date acquired Full call number Accession Number Koha item type
        RRII Library RRII Library 16/12/2021 581.132 SES 19998 Books